The C Odyssey: DOS the chartered waters (Vijay Mukhi's) (Record no. 165732)

MARC details
000 -LEADER
fixed length control field 00417nam a2200157Ia 4500
008 - FIXED-LENGTH DATA ELEMENTS--GENERAL INFORMATION
fixed length control field 231217s9999 xx 000 0 und d
041 ## - LANGUAGE CODE
Language code of text/sound track or separate title English
082 ## - DEWEY DECIMAL CLASSIFICATION NUMBER
Classification number 001.6424C GAN.3;3
100 ## - MAIN ENTRY--PERSONAL NAME
Personal name Gandhi, Meeta Shetty, Tilak Shah, Rajiv
245 #4 - TITLE STATEMENT
Title The C Odyssey: DOS the chartered waters (Vijay Mukhi's)
250 ## - EDITION STATEMENT
Edition statement 1st ed.
260 ## - PUBLICATION, DISTRIBUTION, ETC.
Date of publication, distribution, etc. 1992
Name of publisher, distributor, etc. PBP,N.Delhi
300 ## - PHYSICAL DESCRIPTION
Extent V+496
650 ## - SUBJECT ADDED ENTRY--TOPICAL TERM
Topical term or geographic name entry element DOS
942 ## - ADDED ENTRY ELEMENTS (KOHA)
Koha item type Books
Holdings
Date last seen Total checkouts Full call number Accession number Cost, total (INR) price Price effective from Category Public note Lost status Damaged status Department Withdrawn status Home library Current library Shelving location Entry date Vendor Cost, normal purchase price Grants Billnumber Billdate Currency symbol Conversion rate Discount Old discount
26/01/2024   001.6424C GAN.3;3 11319 212.50 26/01/2024 Books SC ST (348)     Central Library   Central Library Central Library SC-ST 23/05/1998 Sapna Book House 250.00 SC-ST 177 97-98 27/10/2000 RS 1 37.5 15

© For any Suggestions or Query, please contact the library staff @ librarian@pes.edu or Phone: +9180 2672 1983/ 2108.